Normal view MARC view
  • Antuñano, Pedro de

Entry Nombre Personal

Number of records used in: 1

001 - NUMERO DE CONTROL

  • campo de control: 43659

003 - IDENTIFICADOR DE NUMERO DE CONTROL

  • campo de control: MX-MxUPN

005 - FECHA Y HORA DE LA ÜLTIMA TRANSACCIÓN

  • campo de control: 20220210182109.0

008 - DATOS DE LONGITUD FIJA

  • campo de control de longitud fija: 220210|| aca||aabn | a|a d

040 ## - FUENTE DE CATALOGACIÓN

  • Agencia original de catalogación: MX-MxUPN
  • Lenguaje de catalogación: spa
  • Agencia de transcripción: MX-MxUPN

100 1# - ENCABEZAMIENTO - NOMBRE PERSONAL

  • Nombre personal: Antuñano, Pedro de

400 1# - VEÁSE - NOMBRE DE PERSONA

  • Personal name: Antuñano, Pedro Pablo de

670 ## - FUENTE EN LA QUE SE LOCALIZARON DATOS

  • Cita de la fuente: Los traficantes de la democracia, 2012:
  • Información localizada: portada (Pedro de Antuñano)

670 ## - FUENTE EN LA QUE SE LOCALIZARON DATOS

  • Cita de la fuente: México viral, página web, 10 de febrero de 2022:
  • Información localizada: (Pedro Pablo de Antuñano)

902 ## - CATALOGADOR

  • Catalogador: VRC/100222